| 000 | 00911nam a2200253Ia 4500 | ||
|---|---|---|---|
| 999 |
_c35978 _d35978 |
||
| 001 | 1877 | ||
| 003 | GE_BSU | ||
| 005 | 20221007121120.0 | ||
| 008 | 181216s2007ru xx |||||||||||||| ||rus|| | ||
| 020 | _a97859508922 | ||
| 040 | _cGE_BSU | ||
| 080 | _a347.73(075.8) А-47 | ||
| 100 |
_aАлексеева, Д.Г. _915139 |
||
| 245 |
_aБанковское право : _bУчебное пособие для студ. вузов / _c Д.Г. Алексеева, С.В. Пыхтин, Е.Г. Хоменко. |
||
| 250 | _a3-е изд. перер. и доп. | ||
| 264 |
_aМосква : _bЮристь, _c2007. |
||
| 300 |
_a591 с. : _b21 см. |
||
| 653 | _aБанковское право. | ||
| 653 | _aსაბანკო სამართალი | ||
| 653 | _a სამართალი | ||
| 700 |
_aПыхтин, С.В. _915140 |
||
| 700 |
_a Хоменко, Е.Г. _915141 |
||
| 942 |
_cBK _2udc |
||